000 00776nam a22002417a 4500
001 6108
003 FISKH
005 20250314163144.0
008 250314b cb ||||| |||| 00| 0 eng d
040 _aFISKH
_bKhmer
_cFISKH
_dFISKH
050 _aPZ7
082 _a200
100 _aDara ,Cheng
245 _aសួនកំណាព្យថ្មី /
_cដោយ ចេង តារា
260 _aTakeo :
_c2008.
300 _a131 pages :
_billustrations ;
_c20 cm .
520 _aបង្ហាញពីសិល្បះក្នុងការតែងកំណាព្យ​។
520 _aDemonstrate the art of composing poetry​ .
650 _aសួនកំណាព្យថ្មី
650 _aPoetry
942 _2ddc
_cBK
_n0
999 _c6108
_d6108